Pengikut setia (Record no. 47199)

MARC details
000 -LEADER
fixed length control field 00724nam a2200265 i 4500
001 - CONTROL NUMBER
control field C2-0149606
003 - CONTROL NUMBER IDENTIFIER
control field PPAK
005 - DATE AND TIME OF LATEST TRANSACTION
control field 20180727131736.0
008 - FIXED-LENGTH DATA ELEMENTS--GENERAL INFORMATION
fixed length control field 980324s1994 my a|||| ||||| | may d
020 ## - INTERNATIONAL STANDARD BOOK NUMBER
International Standard Book Number 9839792180
040 ## - CATALOGING SOURCE
Original cataloging agency PPAK
Language of cataloging eng
Transcribing agency PPAK
Description conventions rda
082 04 - DEWEY DECIMAL CLASSIFICATION NUMBER
Classification number 297
Edition number 23
090 00 - LOCALLY ASSIGNED LC-TYPE CALL NUMBER (OCLC); LOCAL CALL NUMBER (RLIN)
Classification number (OCLC) (R) ; Classification number, CALL (RLIN) (NR) 297
Feature heading PEN
Feature heading K
245 00 - TITLE STATEMENT
Title Pengikut setia
264 #1 - PRODUCTION, PUBLICATION, DISTRIBUTION, MANUFACTURE, AND COPYRIGHT NOTICE
Place of production, publication, distribution, manufacture Subang Jaya, Selangor :
Name of producer, publisher, distributor, manufacturer Penerbitan Al-Kautsar ,
Date of production, publication, distribution, manufacture, or copyright notice 1994
300 ## - PHYSICAL DESCRIPTION
Extent 32 pages :
Other physical details illustrations ;
Dimensions 21 cm
336 ## - CONTENT TYPE
Source rdacontent
Content type term text
337 ## - MEDIA TYPE
Source rdamedia
Media type term unmediated
338 ## - CARRIER TYPE
Source rdacarrier
Carrier type term volume
490 1# - SERIES STATEMENT
Series statement Siri Pejuang Islam
650 10 - SUBJECT ADDED ENTRY--TOPICAL TERM
Topical term or geographic name entry element Islamic stories, Malay
700 0# - ADDED ENTRY--PERSONAL NAME
Personal name Saufil Ain,
Relator term compile
830 #0 - SERIES ADDED ENTRY--UNIFORM TITLE
Uniform title Siri Pejuang Islam
942 ## - ADDED ENTRY ELEMENTS (KOHA)
-- dc
Koha item type Book
Holdings
Withdrawn Not for loan Current library Shelving location Date acquired Full call number Barcode Date last seen Koha item type Total Checkouts Checked out Date last checked out
    Perpustakaan Alor Setar Pinjaman Kanak-kanak 16/09/1997 K 297 PEN A00067900 08/05/2018 Book      
    Perpustakaan Awam Sungai Petani Pinjaman Kanak-kanak 13/11/2003 K 297 PEN A00400612 13/06/2026 Book 1 04/07/2026 13/06/2026
    Perpustakaan Jitra Pinjaman Kanak-kanak 08/11/2003 K 297 PEN A00825734 08/05/2018 Book      
    Perpustakaan Langkawi Pinjaman Kanak-kanak 29/08/2004 K 297 PEN A00853033 08/05/2018 Book      
    PD12, Kg. Padang, Baling Pinjaman Kanak-kanak 24/03/1998 K 297 PEN A00127501 08/05/2018 Book